000 00965nam a2200253Ia 4500
003 OSt
005 20221005105637.0
006 a|||||r|||| 00| 0
007 ta
008 221004b |||||||| |||| 00| 0 hin d
020 _a8181432630 (HBK)
_c850
024 _a94126
037 _b570, 23/03/2009, Vani Prakashan
_cTextual
040 _aCRL
_cCRL
_bhin
041 _2hin
_ahin
082 _aY:4582.236.N, 152P4
100 _aवरदराजन, सिद्धार्थ, संपा.
245 0 _aगुजरात
_b हादसे की हक़ीक़त
246 _aGujarāta: hādase kī haक़īक़ta
260 _aनई दिल्ली
_bवाणी प्रकाशन भारत
_c2004
300 _a413पृ0
_ccm.
942 _hY:4582.236.N, 152P4
_cTEXL
_2cc
999 _c1016444
_d1016444